000 00508nam a22001697a 4500
003 DO-SdBNP
005 20171212121511.0
008 160919b 1971 XXU||||| |||| 00| 0 spa d
040 _aBPMSU
_bspa
_cBPMSU
100 _aKleinman, R: L.
245 _aAborto clasificación y técnicas /
_cR. L. Kleinman
260 _aLondon :
_bFederación Internacional de Planificación de la Familia
300 _a27 p. :
_c 22 cm
942 _2ddc
_cBK
945 _ainventariado extranjero / DG
956 _adgarcia
999 _c11442
_d11442